LEADER 01634nam a2200337 a 4500 001 000000140687 003 CaOOAMICUS 005 20141202110341.0 008 141202s2012 it 001 0 ita r 020 $a978-88-8101-856-7 040 $aPUL$bita 082 04$a342.0852 100 1 $aBarberini, Giovanni,$csacerdote,$d1932-2021.$0(OLS)http://pul/name/33189 245 13$aIl contributo della dottrina cattolica per l'elaborazione dei principi di diritto internazionale /$cGiovanni Barberini. 260 $aCosenza :$bLuigi Pellegrini$g2012 300 $a79 p. ;$c22 cm 490 1 $aDiritto e religioni ;$v21 504 $aBibliografia in nota. 650 4$aGuerra (diritto internazionale).$0(OLS)http://pul/subject/10336 650 4$aDiritto internazionale e teologia cattolica.$0(OLS)http://pul/subject/40996 830 0$aDiritto e religioni ;$v21.$0(OLS)http://pul/title/137314 850 $aPUL 852 $aPUL$W1$xSL Diritto e Scienze Sociali 3$y79$m342. 0852 COLL 1.21$j162491$qDDC 21$B162038$CPULBib$Z2$F162038 $H125009 $82 852 $aPUL$W1$xDP1 Fondo G. Barberini$y122$m3 G 100$j166778$b2 copia$qFondi$B179758$CPULBib$Z2$F179758 $HBar966 $82 941 1 $a9 941 1 $a1 996 $6020$a978-88-8101-856-7$9(OLS)http://pul/number/156393 996 $6082$a342.0852$9(OLS)http://pul/classification/424 996 $6245$aIl contributo della dottrina cattolica per l'elaborazione dei principi di diritto internazionale$9(OLS)http://pul/title/178037 996 $6260$aCosenza :$bLuigi Pellegrini$9(OLS)http://pul/publisher/72408 LEADER 01780nam a2200397 a 4500 001 000000151320 003 CaOOAMICUS 005 20160415101621.0 008 160415s2016 it u000 u ita r 020 $a978-88-6689-929-7* 032 $aLibriCat 040 $aPUL$bita 082 04$a348.45 110 1 $aItalia.$0(OLS)http://pul/name/1188 240 10$aCodice penale (2016).$0(OLS)http://pul/title/190554 245 10$aCodice penale e di procedura penale e leggi complementari /$ca cura di Luigi Alibrandi (per il codice penale) ; Piermaria Corso (per il codice di procedura penale) 250 $a44. ed. 260 $aPiacenza :$bLa Tribuna,$cİ2016. 300 $a2152 p. ;$c19 cm. 490 1 $aI codici vigenti 2016 500 $aComprende indici. 500 $aTesto su due colonne. 500 $aSulla cop.: Aggiornato con le norme sulla depenalizzazione (Decreti n. 7 e n. 8 del 15/01/2016). 630 04$aCodice penale$zItalia.$0(OLS)http://pul/subject/12325 650 4$aDiritto penale$zItalia.$0(OLS)http://pul/subject/10217 700 1 $aAlibrandi, Luigi.$0(OLS)http://pul/name/45474 700 1 $aCorso, Piermaria.$0(OLS)http://pul/name/35334 830 0$aCodici vigenti 2016.$0(OLS)http://pul/title/189041 850 $aPUL 852 $aPUL$W1$xDP2 Diritto e Scienze Sociali 3$y110$m348. 45 COD 3.1.69$j173763$qDDC 21$B176203$CPULBib$Z2$F176203 $H127617 $81 941 1 $a9 996 $6020$a978-88-6689-929-7*$9(OLS)http://pul/number/160278 996 $6082$a348.45$9(OLS)http://pul/classification/373 996 $6245$aCodice penale e di procedura penale e leggi complementari$9(OLS)http://pul/title/178222 996 $6260$aPiacenza :$bLa Tribuna$9(OLS)http://pul/publisher/69734